000
00310nam a2200109Ia 4500
008
220204s9999 xx 000 0 und d
082
_a
339
_b
KHA
245
0
_a
Trade and environment : Difficult policy choices at the interface
260
_a
London
_b
Zed Books
_c
2002
700
_a
Khan, Shahrukh Rafi
942
_c
BK
999
_c
42047
_d
42047